000 00463nam a22001337a 4500
020 _qHB.
040 _cFIZZA ISHAQ
082 _a658.1
_bDIC
100 _aARMEY,DICK.
_9133996
245 _aTHE FREEDOM REVOLUTION THE NEW REPUBLICATION HOUSE MAJORITY LEADER TELLS WHY BIG GOVERNMENT FAILED,WHY FREEDOM WORKS AND HOW WE WILL REBUILD AMERICA /
_cDICK ARMEY.
260 _aNEW YORK ;
_bREGNERY PUBLISHING,
_c1995.
300 _a318 P. ;
_c9.6X6.3IN
942 _2ddc
_cBK
999 _c616915
_d616915